[Event "Seattle Seafair Open"]
[Site "Chess.com"]
[Date "2020.07.18"]
[Round "2"]
[White "Lenderman, Aleksandr"]
[Black "Tran, Nugen"]
[Result "1-0"]
[WhiteElo "2717"]
[BlackElo "1047"]
[Annotator "Aleksandr Lenderman"]
[PlyCount "67"]
[EventDate "2020.??.??"]
[SourceVersionDate "2020.06.27"]
[TimeControl "5400+10"]

{In round 2 after a tough loss to a 1500 player, I re-entered with a
half-point bye and ended up playing an 1100 player who upset a higher rated
player in round 1. So, I was the highest 0.5 and my opponent was the lowest 1.
I figured my opponent was under-rated. I don't think I played people that
level in a tournament ever since I became a GM, except for in a simul. However,
these days we cannot look at the ratings, since noone has been able to play
rated tournaments for the last few months, and it is quite possible that many
players, especially younger players might already be a few hundred points
higher in level than their official rating that might be lagging behind. For a
while my opponent played quite well, until the unexpected rook blunder.} 1. Nf3
d5 {My pet line.} 2. e3 Nf6 3. c4 e6 4. Nc3 Be7 5. b3 c5 (5... O-O {0-0 is
more common here.}) 6. Bb2 Nc6 (6... d4 {This doesn't quite work here.} 7. exd4
cxd4 8. Nb5 d3 9. Qb1 $18) 7. cxd5 exd5 8. d4 Be6 (8... O-O {0-0 again was
probably more accurate.}) 9. dxc5 Bxc5 10. Bb5 O-O 11. O-O a6 $6 (11... Qe7 {
I would play something like Qe7 since I wanted to take on c6 anyway.}) 12. Bxc6
bxc6 13. Rc1 Ba7 (13... Bd6) 14. Na4 Rc8 15. Qd3 {This is a strong
multi-purposeful move, getting the queen into an active position where I
attack a few of my opponent's targets, the a6 pawn on the queenside and the h7
pawn on the kingside.} a5 16. Ng5 g6 17. Qa6 (17. Nc5 {This move might
actually be the most precise.}) 17... Bb8 18. Nxe6 fxe6 19. Bxf6 (19. Rxc6 {
Originally I thought I can play this but then I saw Bxh2+ with some murky
complications, which I didn't want to allow.} Bxh2+ $1 20. Kxh2 Ng4+ 21. Kh3
Qg5 {This was already enough for me to see in order to avoid going into this.}
22. f4 Qh5+ 23. Kg3 Rce8 $1 (23... Qh2+ $2 24. Kf3 Qh5 25. Rxc8 {Here white
wins.}) 24. Rxe6 Nxe3 25. Rxe3 Rxe3+ 26. Kf2 Re2+ 27. Qxe2 Rxf4+ 28. Ke1 Re4 {
With a very unclear position.}) 19... Qc7 $1 {A very nice intermediate move
that I didn't see. It's a very impressive move for a player slightly below
1100! Just goes to show how much the quality of chess in general has improved
since I was a starting out chess player.} 20. g3 Rxf6 21. Rc2 e5 22. Rfc1 Qa7
$4 {Thankfully for me, a blunder came.} (22... Kg7 $16 {White is clearly
better due to black's weak queenside pawns and white's active pieces, but
black is still in the game.}) 23. Qxc8+ Kf7 24. Rxc6 Rf3 25. Rc7+ Bxc7 26.
Rxc7+ Qxc7 27. Qxc7+ Kf6 28. Qd6+ Kf5 29. Qxd5 Kg4 30. h3+ Kxh3 31. Qxf3 e4 32.
Qxe4 g5 33. Qf5+ g4 34. Qh5# {AlexanderL won by checkmate} 1-0

[Event "Seattle Seafair Open"]
[Site "Chess.com"]
[Date "2020.07.18"]
[Round "3"]
[White "Gottumukkala, Ananth"]
[Black "Lenderman, Aleksandr"]
[Result "0-1"]
[WhiteElo "1785"]
[BlackElo "2717"]
[Annotator "Aleksandr Lenderman"]
[PlyCount "96"]
[EventDate "2020.??.??"]
[SourceVersionDate "2020.06.27"]
[TimeControl "5400+10"]

{After a quick round 2 win, I was paired against a young Indian player who is
around 1800 but I knew he's quite dangerous since he has beaten Nick Raptis
before.} 1. e4 c6 2. Nc3 d5 3. Nf3 g6 ({Last time in a similar tournament I
played 3)...Nf6 against IM Georgi Orlov without lots of success. This time I
wanted to switch it up in order to avoid preparation by my opponent and to
keep my opponents guessing.} 3... Nf6) 4. d4 Bg7 5. h3 dxe4 6. Nxe4 Nf6 7.
Nxf6+ {This might be slightly worse for black but is supposed to be fairly
solid and reliable for black. However, I quickly got an unpleasant position in
this game.} exf6 8. Bd3 O-O 9. O-O a5 10. Re1 Na6 11. c4 Be6 $6 {Showing lack
of understanding of this position. Taking squares away from the knight on a6
was very uncalled for.} (11... Nc7 {This move would be normal with ideas like
Ne6 and f5, putting pressure on white's d4 pawn. Another idea can be b5. Black
should challenge white's center, or else black will be worse.} 12. b3 Re8 (
12... f5)) 12. a3 (12. Bf4 {Normal development was also possible.}) 12... Re8 (
12... b5 $1 {I don't think I considered this. Apparently this concept of
sacrifising the pawn for some initiative, gaining control of some open files
and key squares was beyond my understanding of the position.} 13. cxb5 cxb5 14.
Bxb5 Nc7 15. Bf1 Bd5 $44) 13. Bf4 Bf8 14. Rc1 Bd6 15. Qd2 a4 16. d5 $5 {
Simplifying the game and getting to a risk-free position.} (16. Bxd6 Qxd6 17.
Re4 $14 {This plan might've been more ambitious to try to go after my king.})
16... cxd5 (16... Nc5 {Apparently this move was possible which I also don't
think that I saw.} 17. dxe6 Bxf4 18. exf7+ Kxf7 19. Bxg6+ hxg6 20. Qxf4 Nd3 21.
Rxe8 Nxf4 22. Rxd8 Rxd8 23. Rc2 $11 {However, here white has to play some
precise moves, and even here, black still can continue fighting.}) 17. cxd5
Bxf4 18. Qxf4 Bxd5 19. Rxe8+ Qxe8 20. Qxf6 Qd8 $6 {Continuing showing the bad
form from earlier in the day.} (20... Rc8 $11) 21. Qxd8+ Rxd8 22. Bxa6 {
Somehow I totally missed it, I only saw this possibility about 5 minutes into
his thinking.} Bxf3 {A sad necessity.} (22... bxa6 23. Rd1 $16 {Would be a
very unpleasant pin for me.}) 23. Bb5 $6 {Phew.} (23. gxf3 {Of course, if he
played this move, I should be able to hold a draw, but white reaches a
position where he cannot lose. I would have to then accept a draw against an
1800 after already losing to a 1500 earlier in the day. This just goes to show
that everyone can play good chess these days and even if you are a GM but you
are out of form, they can easily be scalped to a draw or even a win.} bxa6 24.
Rc4 Rd2 25. Rxa4 Rxb2 26. Rxa6 g5 {Where black should easily hold a draw
thanks to his rook activity, but of course white can never lose unless he goes
crazy trying to win at all costs.}) 23... Bd1 {I suspect my opponent might've
missed this move. At least now, the game doesn't immediately fizzle into a
draw, so I started to be slightly optimistic.} 24. Kf1 (24. Rc4 Bb3 25. Rb4
Rd1+ 26. Kh2 Rd2 27. Kg3 {Would probably just be a dead draw.}) 24... Rd2 25.
Rc8+ $6 (25. Bc4 Bb3 26. Bxb3 axb3 27. Rc7 {Is still a draw.}) 25... Kg7 26.
Ra8 Rxb2 27. Bxa4 Be2+ 28. Ke1 (28. Kg1 b5) 28... b5 {Here at least white has
to answer some questions.} 29. Rb8 $6 (29. Re8 {This move should still
probably draw but already here white has to work for a draw in most lines.}
bxa4 (29... Bh5 {I was probably going to play this move.} 30. Bxb5 $1 Rxb5 31.
g4 Ra5 32. Re3 Bxg4 33. hxg4 Ra4 34. f3 {And with accurate play, white should
draw, but at least here there are some imbalances, so I can hope for a miracle.
}) 30. Rxe2 Rb1+ 31. Kd2 Ra1 32. Re3 Ra2+ 33. Ke1 h5 {This is objectively a
draw but here my rook is more active than his since my rook ties his rook down
to his pawn. This is a draw but I can still play many moves and try to trick
him.}) 29... Bd3 (29... Bc4 {I was spending some time here trying to compare
Bc4 and Bd3, and it looks like I chose the wrong one.} 30. Bd1 Rb1 31. Kd2 Ra1
32. Ra8 Bd5 33. Ra7 b4 34. Ra5 Ra2+ 35. Ke1 Bxg2 36. axb4 Rb2 {With decent
winning chances for black.}) 30. Bd1 Ra2 31. Ra8 Be4 32. Ra5 $6 {I also
expected this but now black might be close to winning.} (32. Ra7 Bxg2 33. Bb3
Ra1+ 34. Kd2 Bxh3 35. Bxf7 {Would give white good counterplay and excellent
drawing chances.} Kf6 36. Be8 $1 $15) 32... Bxg2 33. Rxb5 Rxa3 $6 (33... Bxh3 {
Was probably better.}) 34. h4 h6 35. h5 $6 {An instructive mistake, fixing his
pawn on a weak h5 square where I can attack him with a bishop and a rook. Now
white is lost.} (35. Rb4 {Objectively here, white still has very good chances
to hold.}) 35... g5 36. Rb6 Bf3 37. Bb3 (37. Bxf3 Rxf3 38. Ke2 Rh3 $19) 37...
Bxh5 38. Rb7 Ra1+ 39. Kd2 Rf1 40. Ke3 Re1+ 41. Kd3 Bg6+ 42. Kd2 Re4 43. Rd7 h5
44. f3 Rb4 45. Kc3 Rf4 46. Bd5 h4 47. Ra7 Bh5 48. Kd2 Rd4+ {AlexanderL won by
resignation. I was happy to get the win and keep myself in contention in the
tournament. However, I was not very happy with this game.} 0-1

[Event "Seattle Seafair Open"]
[Site "Chess.com"]
[Date "2020.07.19"]
[Round "4"]
[White "Lenderman, Aleksandr"]
[Black "Whale, Nicholas"]
[Result "1-0"]
[WhiteElo "2717"]
[BlackElo "2065"]
[Annotator "Aleksandr Lenderman"]
[PlyCount "127"]
[EventDate "2020.??.??"]
[SourceVersionDate "2020.06.27"]
[TimeControl "5400+10"]

{In round 4 I played against a strong local expert, Nicholas Whale. He has
proven to be very dangerous, beating the strong GM Vitaly Bernadskiy last
round. Actually I didn't even expect to play him, so I was on my own in the
opening.} 1. d4 (1. Nf3) 1... Nf6 2. c4 g6 3. g3 Bg7 4. Bg2 O-O 5. Nc3 d6 6.
Nf3 c6 7. O-O {A sideline of sidelines. I was on my own here, since I couldn't
quite recall what I should do here.} Qa5 8. e4 Qh5 {The idea of Qa5.} 9. Ng5 (
9. e5 dxe5 10. Nxe5 $14 {Would also be slightly better for white.}) (9. Qb3 {
Would be interesting, trying to not allow Bh3.} e5 10. d5) 9... Qxd1 10. Rxd1
h6 (10... Nfd7 $5 11. Nf3 Nb6 12. b3 c5) 11. Nf3 Rd8 12. h3 {probably
unnecessary} (12. Be3 Ng4 13. Bd2 Nf6 14. Rac1 $14) 12... Na6 (12... d5 $5 {
Might've been possible.}) (12... Be6 {Also this move might've made sense to
play earlier.}) 13. Be3 Be6 14. d5 {Probably not the most accurate move. I
cannot hold my space.} (14. b3 {This was preferred since I am keeping the
tension. I was worried about him playing d5 but quite clearly, it is not that
great for him.} d5 15. cxd5 cxd5 16. e5 Ne4 17. Nxe4 dxe4 18. Nd2) 14... Bd7
15. e5 $2 {This is just a careless move. I don't know why I assumed he has to
take.} (15. dxc6 Bxc6 (15... bxc6 16. e5 {Here e5 would be good.}) 16. Nd4 $14
{This is a solid but stable advantage.}) 15... Ne8 $1 {of course! Now I
realized that I cannot hold my space and I am losing all of my advantage and
in fact, I have to be lucky not to be worse.} 16. dxc6 Bxc6 17. exd6 $2 {
Another mistake, helping his knight get into the game, but at this point I was
struggling to find a move.} (17. Nd5 Bxd5 18. Rxd5 Nec7 {I couldn't see what
to do here, but in fact here, I just have good compensation for the pawn.} 19.
Rdd1 dxe5 $6 (19... d5 20. Rac1) 20. Ne1 $1) 17... Nxd6 18. Nd2 Bxg2 19. Kxg2
Bxc3 (19... b6 $17 {Amazingly I am just much worse here. My pieces are just
not harmoniously placed. Another very poor opening play by me.}) 20. bxc3 Nf5
21. Nf1 Nxe3+ 22. Nxe3 e6 $6 {Now I can breathe a little bit easier.} (22...
Rxd1 23. Rxd1 Nc5 $17 {With everything else being equal, my pawn structure is
a wreck.}) 23. Rd4 Kf8 $6 (23... Kg7 24. Rad1 Rdc8 $17) 24. Rad1 Ke7 25. Ng4 {
Now I am creating counterplay and at least worst is over for me.} h5 26. Ne5
Rxd4 27. cxd4 (27. Rxd4 {This is tempting but would be a mistake since after
Nc5, all the pentration squares are covered and my pawns are still very weak.})
27... b6 28. Rd3 (28. f4 {This was more accurate to keep the knight on e5
since I stop g5.}) 28... g5 29. Rf3 f6 30. Nc6+ Kd6 31. d5 Rf8 $1 {This is
precise.} (31... f5 32. Nd4) 32. Ra3 (32. Nxa7 exd5 33. cxd5 Nc7 $11) 32...
exd5 33. cxd5 Kxd5 34. Ne7+ Ke6 35. Rxa6 (35. Ng6 Rg8) 35... Kxe7 36. Rxa7+ Kd6
37. Rb7 {Still a draw after this but it creates the most practical problems
for black at least.} (37. Rh7 Ra8 38. Rxh5 Rxa2 {Is an easy draw for black.})
37... Kc6 38. Rh7 Ra8 39. Rh6 (39. Rxh5 Kd6) 39... Rxa2 40. Rxf6+ Kc5 41. Rf5+
Kc4 42. Rxg5 b5 43. Rxh5 b4 44. Rh4+ Kc3 45. Rh8 {This is still a draw but at
least black has to do some calculation.} b3 46. Rc8+ (46. Rb8 b2 47. h4 Ra4)
46... Kd2 47. Rb8 Kc2 48. h4 b2 49. h5 b1=Q $2 {After many accurate moves by
black in the endgame, finally he errs.} (49... Ra8 $1 {Would gain a very
important tempo for black.} 50. Rb7 b1=Q 51. Rxb1 Kxb1 52. g4 Rg8 53. f3 (53.
Kf3 Kc2 54. Kf4 Kd3 55. h6 Rf8+ {Would be complicated but leads to a draw.})
53... Kc2) (49... Ra3 {Would also be sufficient since...} 50. h6 (50. Rxb2+
Kxb2 51. g4 Kc3 52. Kf3 Kd4+ 53. Kf4 Kd5 54. Kf5 Rh3 $11) 50... Ra6 $1 $11 (
50... Rb3 $2 51. Rxb3 Kxb3 52. h7 b1=Q 53. h8=Q $18)) 50. Rxb1 Kxb1 51. g4 (51.
h6 $4 Ra6) 51... Ra6 52. g5 Ra5 53. f4 Kc2 54. h6 Ra4 55. h7 Rxf4 56. h8=Q Rg4+
57. Kf3 Rxg5 58. Qc8+ {I calculated that I can win the rook by force since
it's unprotected, meaning I don't even have to prove my Queen versus rook
technique.} Kb3 59. Qb8+ Kc3 60. Qc7+ Kb3 61. Qf7+ Kc2 62. Qc4+ Kb2 63. Qe2+
Kb1 64. Qd1+ {AlexanderL won by resignation. It was nice to grind out this win.
I was happy with how I played the endgame, but very unhappy with how poorly I
played in the opening. At least with this win, I got myself into contention
going into the last round.} 1-0

[Event "Seattle Seafair Open"]
[Site "Chess.com"]
[Date "2020.07.19"]
[Round "5"]
[White "Raptis, Nick"]
[Black "Lenderman, Aleksandr"]
[Result "1-0"]
[WhiteElo "2393"]
[BlackElo "2717"]
[Annotator "Ralph Dubisch"]
[PlyCount "59"]
[EventDate "2020.??.??"]
[SourceVersionDate "2020.06.27"]

1. Nf3 d5 2. g3 g6 3. Bg2 Bg7 4. O-O e5 5. d3 Ne7 6. e4 O-O 7. exd5 Nxd5 8. Nc3
(8. Re1 Nc6 9. Nc3 Nde7 10. Bd2 {seems to be the normal and slightly more
forcing move order, though it isn't clear that Black can take advantage of the
transposition.}) 8... Ne7 (8... Nxc3 9. bxc3 e4 {gives White interesting
options and perhaps a slight edge.}) 9. Re1 Nbc6 10. Bd2 h6 11. b4 $1 {I don't
know all that much about these reverse modern positions, but I like the
enterprising mindset behind this queenside spike, offering to exchange wing
for center pawn and threatening to drive off the c6-knight. Note the
unassuming 10.Bd2 that made it possible.} a6 (11... Nxb4 12. Nxe5 $14) 12. a4
Nf5 13. Rb1 Re8 14. Ne4 Kh7 15. Nc5 Rb8 16. h4 b6 17. Ne4 f6 $2 ({This move
seems quite anti-positional, reducing the influence of the dark-square bishop
and seriously weakening the kingside light squares.^^I suppose it's possible
the GM suffered a hallucination here and worried about some kind of Ng5+
tactic. Indeed, if Black doesn't guard the c6-knight, then takes the first
knight to check on g5, things are grim. However,} 17... Bb7 18. h5 Ncd4 {
seems to make sense, with perhaps a small advantage to White.}) ({But even if
Black plays "pass" here,} 17... Z0 18. Neg5+ Kg8 {is fine.} (18... hxg5 $2 19.
Nxg5+ Kg8 20. Bxc6 {is, of course, bad.})) 18. h5 gxh5 $2 ({I think Black
needs to try} 18... g5 {, though White still establishes solid control of the
light squares:} 19. g4 Nd6 (19... Nfd4 20. Nxd4 Nxd4 21. c3 Ne6 22. Ng3 {
is also in White's favor.}) 20. Nxd6 Qxd6 21. Nh2 {, heading to e3 or g3 via
f1.}) 19. Nh2 h4 20. Qh5 hxg3 $2 ({Black is playing with fire. Opening the
f-file can only be good for White.} 20... Rf8 $14 {White still has attacking
chances, but it's far from decisive.}) 21. fxg3 Rf8 22. Rf1 Nce7 23. g4 Qd4+
24. Kh1 Ne3 25. Bxe3 Qxe3 26. Rbe1 Qd4 27. g5 $1 {Nice.} f5 28. Nf6+ (28. gxh6
Bxh6 (28... Bf6 29. Ng4) 29. Ng4 $1 Ng8 30. Ng5+ Kg7 31. Nxe5 Rf6 32. Rg1 $18)
28... Rxf6 (28... Kh8 29. Nf3 Qd6 30. Nxe5 {might last a minute longer.}) 29.
gxf6 Bxf6 30. Qf7+ 1-0